Chess Players Rated 2800+ - Statistics

General Stats
  • This quiz has been taken 701 times
  • The average score is 9 of 12
Answer Stats
Highest Rating Date Country Player % Correct
2882 2014 May Norway Magnus Carlsen
100%
2851 1999 July Russia Garry Kasparov
94%
2844 2014 October Italy Fabiano Caruana
90%
2816 2015 October USA Hikaru Nakamura
88%
2817 2011 March India Viswanathan Anand
87%
2830 2014 March Armenia Levon Aronian
80%
2819 2016 August France Maxime Vachier-Lagrave
69%
2822 2017 February USA Wesley So
69%
2816 2015 July Bulgaria Veselin Topalov
64%
2817 2016 October Russia Vladimir Kramnik
62%
2814 2018 February Azerbaijan Shakhriyar Mamedyarov
55%
2810 2014 December Russia Alexander Grischuk
41%
No matching quizzes found
Score Distribution
Percent of People with Each Score
Percentile by Number Answered
Your Score History
You have not taken this quiz